Quizzes
Events
Quiz Creation
Community
Videos
Private Events
Remove Ads
Sign In
Join for FREE
Feedback
Dark Mode
Quiz Categories
Sports
Geography
Music
Movies
Television
Just For Fun
Miscellaneous
History
Literature
Language
Science
Gaming
Entertainment
Religion
Holiday
For Kids
Quiz Lab
Recent
Popular Today
Quiz Kudos Today
Editor Picks
Curator Picks
Quizzes by...
Day
Popularity
Type
Ratings
Length
Year
Community
Subscriptions
Recent Discussions
Orange Saloon
Badges
Playlists
Quests
Create
Leaderboards
Showdown
Live 5
Trivia Bingo
Activity
Puzzle Library
Sporcle Events
Private Events
Virtual Trivia
Globe League
Become a Host
Pub Owners
SporcleCon
Opinionation
Our Games
Videos
Blog
Mobile Apps
Partnerships
Remove Ads and Go Orange
Feedback
Television
TV Characters
TV Show
Sitcom
Network
Friends
Reality Shows
Cast
South Park
Star Trek
The Simpsons
Doctor Who
Television
TV Characters
TV Show
Sitcom
Network
Friends
Reality Shows
Cast
South Park
Star Trek
The Simpsons
Doctor Who
Random Quiz
Search Sporcle
×
Quiz Lab
Quiz Lab
Television
Show
Type in answers that appear in a list
Type in answers that appear in a list
Classic
Best Score? Go Orange.
Little House on the Prairie Episodes By Any Word Stats
Can you name the Little House on the Prairie Episodes By Any Word?*
By
shelby16
10m
182 Questions
1,208 Plays
1,208 Plays
1,208 Plays
Comments
Comments
Give Quiz Kudos
Give Quiz Kudos
-
- Ratings
hide this ad
More Info
Replay
Link that replays current quiz
Next Quiz
Link to next quiz in quiz playlist
You Got
0%
They Got
Avg Score
73%
Avg Friend Score
Upgrade to see
Score Distribution
Jump to the score distribution portion of the page
Score
0/182
Timer
10:00
0
Plays Today
% Correct
The Preacher Takes a Wife
96.8%
The Reincarnation of Nellie: Part 1 & 2
96.4%
A Harvest of Friends
96.2%
For the Love of Nancy
96.1%
The Love of Johnny Johnson
95.9%
Journey in the Spring: Part 1 & 2
95.9%
For the Love of Blanche
95.8%
Little House on the Prairie
95.7%
The Return of Mr. Edwards
95.7%
To See the Light: Part 1 & 2
95.6%
The Wild Boy: Part 1 & 2
95.6%
The Lord Is My Shepherd: Part 1 & 2
95.5%
The Return of Nellie
95.5%
The Richest Man in Walnut Grove
95.4%
The Lost Ones: Part 1 & 2
95.1%
Whatever Happened to the Class of '56?
95%
A Christmas They Never Forgot
95%
To See the World
94.9%
The Long Road Home
94.9%
A Promise to Keep
94.8%
A Child with No Name
94.6%
In the Big Inning
94.5%
A Matter of Faith
94.5%
Once Upon a Time
94.2%
The Creeper of Walnut Grove
94.1%
The Pride of Walnut Grove
94%
The Werewolf of Walnut Grove
94%
The Spring Dance
93.9%
The Monster of Walnut Grove
93.9%
Meet Me at the Fair
93.9%
A Most Precious Gift
93.9%
The Race
93.7%
The Bully Boys
93.7%
A New Beginning
93.5%
A Faraway Cry
93.5%
The Camp-Out
93.4%
A Wiser Heart
93.4%
The Voice of Tinker Jones
93.3%
The Music Box
93.3%
The Wedding
93.3%
The Winoka Warriors
93.2%
The Man Inside
93.2%
The Family Tree
93.2%
Make a Joyful Noise
93.2%
The Angry Heart
93.1%
The Lake Kezia Monster
93%
The Award
93%
The Gift
93%
The Wisdom of Solomon
93%
The Faith Healer
93%
The Silent Cry
93%
The Raccoon
92.9%
At the End of the Rainbow
92.9%
I'll Ride the Wind
92.9%
Wave of the Future
92.9%
The Wolves
92.8%
The High Cost of Being Right
92.8%
The Sound of Children
92.8%
The Legend of Black Jake
92.8%
The Last Summer
92.7%
The Election
92.6%
% Correct
The Third Miracle
92.6%
The Nephews
92.6%
The Collection
92.5%
The Halloween Dream
92.5%
Sins of the Fathers
92.5%
The Talking Machine
92.5%
The Runaway Caboose
92.5%
The Handyman
92.5%
The Aftermath
92.5%
The King is Dead
92.5%
The Empire Builders
92.5%
Here Comes the Brides
92.4%
The Stranger
92.4%
The Cheaters
92.4%
The Enchanted Cottage
92.4%
The In-Laws
92.4%
Gambini the Great
92.4%
The Fighter
92.3%
The Hunters
92.2%
The Rivals
92.2%
The Inheritance
92.2%
The Godsister
92.2%
The Odyssey
92.2%
The Legacy
92.2%
The Older Brothers
92.2%
The Craftsman
92%
May I Have This Dance
90.9%
I Do, Again
90.4%
If I Should Wake Before I Die
89.3%
I Remember, I Remember
89.1%
He Loves Me, He Loves Me Not: Part 1 & 2
88.9%
I'll Be Waving as You Drive Away: Part 1 & 2
88.8%
Back to School: Part 1 & 2
88%
Gold Country: Part 1 & 2
87.2%
May We Make Them Proud: Part 1 & 2
85.2%
To Live with Fear: Part 1 & 2
84.8%
He Was Only Twelve: Part 1 & 2
84.5%
Laura Ingalls Wilder: Part 1 & 2
83.9%
To Run and Hide
82.3%
Someone Please Love Me
82.3%
Blind Journey: Part 1 & 2
82.2%
There's No Place Like Home; Part 1 & 2
82.1%
Remember Me: Part 1 & 2
82%
Portrait of Love
81.8%
Days of Sunshine, Days of Shadow: Part 1 & 2
79.9%
As Long as We're Together: Part 1 & 2
78.4%
Little Girl Lost
77.8%
Home Again: Part 1 & 2
76.7%
For My Lady
76.3%
Darkness is My Friend
75.8%
Welcome to Olesonville
73.8%
Country Girls
72.4%
Times Are Changing: Part 1 & 2
72.4%
Wilder and Wilder
71.7%
Men Will Be Boys
71.1%
Sylvia: Part 1 & 2
70.9%
Christmas at Plum Creek
70.1%
Town Party-Country Party
69.9%
Dance with Me
69.9%
Dearest Albert, I'll Miss You
69.2%
Hello and Goodbye
69.2%
% Correct
Child of Pain
68.8%
Love
67.9%
Little Women
65.4%
Times of Change
64.8%
No Beast So Fierce
64.3%
Mr. Edward's Homecoming
63.3%
Little Lou
63.3%
My Ellen
61.6%
Whisper Country
61.1%
School Mom
59.5%
Divorce, Walnut Grove Style
58.6%
Blind Man's Bluff
58.5%
Blind Justice
57.8%
Circus Man
57.6%
Goodbye, Mrs. Wilder
56.9%
Haunted House
55%
Bunny
53.6%
Going Home
53.3%
Founder's Day
48.3%
Oleson vs Oleson
46.8%
100 Mile Walk
46.4%
Doctor's Lady
45.3%
Come Let Us Reason Together
44.6%
Ma's Holiday
44.4%
Four Eyes
44.4%
Blizzard
43.5%
Plague
42.3%
Second Spring
40.6%
His Father's Son
40%
Sweet Sixteen
39.8%
Soldier's Return
39.4%
Family Quarrel
38.7%
Fagin
36.2%
Injun Kid
34.1%
Harriet's Happenings
34%
Ebenezer Sprague
33.2%
Annabelle
33%
Fight Team Fight!
32.7%
Quarantine
32.5%
Dark Sage
31.6%
Centennial
30.7%
Fred
29.4%
Stone Soup
29.3%
Author! Author!
28.9%
Money Crop
28.8%
Barn Burner
28.5%
Rage
25.8%
Alden's Dilemma
25.8%
Second Chance
25.7%
Chicago
25.3%
Castoffs
23.9%
Marvin's Garden
23.2%
Troublemaker
23.1%
Silent Promises
23%
Mortal Mission
22.7%
Uncle Jed
22.6%
Survival
22.2%
Freedom Flight
20.3%
Crossed Connections
19.8%
Growin' Pains
19.8%
Quiz Playlist
Details
Report
Send in Message
Add To Playlist
More Info:
*Episodes in Parts are together
Classic:
Type in answers that appear in a list
Quiz Source
Last Updated: Apr 11, 2017
Quiz Scoreboard
CHALLENGE
Sign Up to Join the Scoreboard
Show All
Scores
Hide
Comments
May contain spoilers
Recently Published
Billboard Blitz: Fleetwood Mac
by CooCooCachoo
Music
15s
Presidents Visiting Landmarks
by Hejman
History
7m
An Introduction to Baseball
by treessimontrees
Sports
5m
More to Explore
Quiz From the Vault
Featured Blog Post
Where Did the Easter Bunny Come From?
hide this ad
You Might Also Like...
Tags
Show Quiz
episode
house
little
Little House
prairie
Today's Top Quizzes in Television
Browse Television
hide this ad
Today's Top Quizzes in Show
Browse Show
Top Contributed Quizzes in Television
1
5-to-1: The Simpsons Families
2
5-to-1: Television Doctors
3
7-to-1: TV Show Settings
4
One Piece Logic Puzzle
5
5-to-1: Streaming Originals
6
Survivor Seasons
7
Survivor Logic Puzzle: Heroes vs. Villains
8
TV Shows by First Names
9
Survivor Season by Logo
10
Survivor Trivia
Explore More
Trending Topics
Crossword
Marvel
Disney
Kpop
Harry Potter
Anime
NBA
Pokémon
NFL
Country
Song
Soccer
WWE
The Office
Puzzle
hide this ad
More By:
shelby16
Quiz
Plays
Rating
Category
Featured
Created
Kid's Book Series Sort-O-Rama
39,291
4.71
Literature
Nov 10, 2014
Names With The Letter R
9,001
4.54
Miscellaneous
Feb 21, 2013
Supernatural Typing Challenge
7,632
4.33
Television
May 21, 2014
Names With The Letter Y
7,243
4.29
Miscellaneous
Mar 2, 2013
Pick The Panic! at the Disco songs
6,824
5.00
Music
Jul 5, 2013
Go to Creator's Profile
Score Distribution
Quiz Creator Spotlight
shelby16
Follow
Send a Message
Quizzes Created
-
Created Quiz Play Count
-
More By This Creator
Popular Quizzes Today
1
Find the US States - No Outlines Minefield
2
Find the Countries of Europe - No Outlines Minefield
3
The Countries of the World
4
Find the US States
5
US States
6
Popular People in 1961
7
Risky Map Clicking: Biggest States A-Z
8
Movies - When Are They Set?
More Television Quizzes
Game of Thrones: Tywin Lannister Start to Finish
Curator's Pick
Trending Quizzes
Risky Map Clicking: Least Populous States A-Z
1-10 Letter G Words
1-10 Letter F Words
Risky Map Clicking: Next State Alphabetically
Risky Map Clicking: Biggest States A-Z
Recently Updated
Leaping Animals
pecheneg
Reality TV Shows (A-Z)
bhenderson79
Rickey Henderson's Hall of Fame Teammates
pecheneg
Champions League XIs: Arsenal
pecheneg
Quick Pick: Celebrities in WWE's Hall of Fame
aduchscher
A-Z Keypad Blitz II
pecheneg
Multiple Oscar Actors
pecheneg
Mystery Phrase Blitz: Oscar 'Best Actors'
pecheneg
F. Scott Fitzgerald Novels
LTH
Pick 3 Villains
ddd62291
Trending Topics
NBA
Marvel
Disney
Kpop
Crossword
Harry Potter
Anime
Puzzle
NFL
Country
Song
Pokémon
WWE
Soccer
The Office
Your Account Isn't Verified!
In order to create a playlist on Sporcle, you need to verify the email address you used during registration. Go to your
Sporcle Settings
to finish the process.
Report this User
Report this user for behavior that violates our
Community Guidelines
.
Details:
Send Report
Go to the Sporcle.com Mobile Site →
Comments